| 000 | 01349nam a2200229Ia 4500 | ||
|---|---|---|---|
| 003 | Ost | ||
| 005 | 20260507075631.0 | ||
| 008 | 260507s9999||||xx |||||||||||||| ||und|| | ||
| 020 | _a340287977 | ||
| 040 | _cfsecg | ||
| 041 | _aara | ||
| 082 | _a381.142 | ||
| 100 |
_aبسيوني، عبد الحميد _eمؤلف |
||
| 245 | 0 |
_aالتجارة الالكترونية / _c عبد الحميد بسيوني |
|
| 260 |
_aالقاهرة: _bدار الكتب العلمية للنشر و التوزيع, _c2003 |
||
| 300 |
_a481 صفحة؛ _bإيضاحات ؛ _c24 سم |
||
| 520 | _aتجد في هذا الكتاب : شبكة الأنترنيت والتجارة الإلكترونية ،التجارة التقليدية وتجارة شبكة الويب ، تجارة الأعمال والحكومة الإلكترونية ،أخطار وتهديدات تأمين التجارة الإلكترونية ، تشفير البيانات ، نظم الدفع والسداد والنقود الإلكترونية ،إقامة تجارة إلكترونية، البنية التحتية والتأمين وتخطيط الأمن ،تضخيم وإعداد خدمات ومواقع التجارة الإلكترونية. | ||
| 653 | _aالأنترنت | ||
| 653 | _aالتجارة | ||
| 653 | _aالتجارة الإلكترونية | ||
| 942 | _cكتاب | ||
| 999 |
_c45205 _d45205 |
||